জাল / (Record no. 12654)
[ view plain ]
| 000 -LEADER | |
|---|---|
| fixed length control field | 00667nam a2200205 a 4500 |
| 001 - CONTROL NUMBER | |
| JCCL Control Number | 12654 |
| 003 - CONTROL NUMBER IDENTIFIER | |
| JCCL marc code | BD-JhCC |
| 005 - DATE AND TIME OF LATEST TRANSACTION | |
| control field | 20221029082045.0 |
| 008 - FIXED-LENGTH DATA ELEMENTS--GENERAL INFORMATION | |
| fixed length control field | 221029s20132021bg |||| |||| 000 0 ban d |
| 035 ## - SYSTEM CONTROL NUMBER | |
| system control number | (BD-JhCC)12654 |
| 040 ## - CATALOGING SOURCE | |
| Original cataloging agency | BD-JhCC |
| Modifying agency | BD-JhCC |
| 041 ## - LANGUAGE CODE | |
| Language code of Book | Bangla |
| 082 ## - DEWEY DECIMAL CLASSIFICATION NUMBER | |
| Classification number | 891.44 |
| Author mark and Year | NAJ 2021 |
| 100 ## - MAIN ENTRY--PERSONAL NAME | |
| Personal name | নাজিম উদ্দিন, মোহাম্মদ |
| 245 ## - TITLE STATEMENT | |
| Title | জাল / |
| Statement of responsibility, etc | মোহাম্মদ নাজিম উদ্দিন |
| 260 ## - PUBLICATION, DISTRIBUTION, ETC. (IMPRINT) | |
| Place of publication, distribution, etc | ঢাকা : |
| Name of publisher, distributor, etc | বাতিঘর প্রকাশনী, |
| Date of publication, distribution, etc | ২০২১ |
| 300 ## - PHYSICAL DESCRIPTION | |
| Pagination | ২৪০ পৃ. : |
| Dimensions | ২১ সেমি. |
| 650 ## - SUBJECT ADDED ENTRY--TOPICAL TERM | |
| Topical term or geographic name as entry element | Detective novel |
| 942 ## - ADDED ENTRY ELEMENTS (KOHA) | |
| Source of classification or shelving scheme | Dewey Decimal Classification |
| Koha item type | Books |
| Source of classification or shelving scheme | Damaged status | Not for loan | Home library | Current library | Shelving location | Date of accession | Cost, normal purchase price | Total Checkouts | Full call number | Barcode | Date last seen | Date checked out | Copy number | Koha item type |
|---|---|---|---|---|---|---|---|---|---|---|---|---|---|---|
| Dewey Decimal Classification | JCC Rouf Library | JCC Rouf Library | General Stacks | 10/29/2022 | 202.00 | 18 | 891.44 NAJ 2021 | 17457 | 11/12/2025 | 10/29/2025 | C-1 | Books |